Gaming Quiz

Random Gaming Quiz

Most Common Civ Leaders Quiz Stats

Quiz not verified by Sporcle

Also try: Tekken Characters
Challenge
Share
Tweet
Embed
Score 0/29 Timer 10:00
0 Plays Today
Civ Leader % Correct
AmericaAbraham Lincoln
100%
AztecsMontezuma
100%
EgyptRamesses
100%
EnglandElizabeth
100%
FranceNapoleon Bonaparte
100%
GermanyOtto von Bismarck
100%
GreeceAlexander
100%
MongolsGenghis Khan
100%
RussiaCatherine
100%
ZuluShaka
100%
ChinaMao Zedong
92.9%
RomeJulius Caesar
92.9%
SpainIsabella
92.9%
CarthageHannibal
85.7%
IndiaGandhi
85.7%
Civ Leader % Correct
OttomansSuleiman
85.7%
PersiaCyrus, Darius and Xerxes
85.7%
PortugalPrince Henry, Joao II and Maria
85.7%
ArabiaSaladin
78.6%
JapanTokugawa Ieyasu
78.6%
NetherlandsWilliam of Orange
78.6%
BabylonHammurabi
71.4%
CeltsBoudica
71.4%
SumerGilgamesh
71.4%
IncaPachacuti
64.3%
MayaPacal
64.3%
ByzantinesTheodora
57.1%
VikingsRagnar
42.9%
KoreaWang Kon
35.7%

You're not logged in!

Compare scores with friends on all Sporcle quizzes.
Sign Up with Email
OR
Log In

You Might Also Like...

Show Comments

Extras

Top Quizzes Today


Score Distribution

Your Account Isn't Verified!

In order to create a playlist on Sporcle, you need to verify the email address you used during registration. Go to your Sporcle Settings to finish the process.